| 000 | 01374cam a2200241 a 4500 | ||
|---|---|---|---|
| 001 | 000001083 | ||
| 005 | 20200929145456.0 | ||
| 008 | 730509s1963 xx a 001 0 spa | ||
| 040 |
_aDO-SdBNP _bspa _cBNPHU |
||
| 082 |
_a922.972 _bB982e |
||
| 100 | 1 |
_aBustamante, Carlos María de, _d1774-1848. _93701 |
|
| 245 | 1 | 0 |
_aTres estudios sobre don José María Morelos y Pavon / _cCarlos María de Bustamante. |
| 260 |
_aMéxico, _c1963. |
||
| 300 |
_a125 p. : _bil. ; _c23 cm. |
||
| 490 | 1 |
_aBiblioteca Nacional de México. Instituto Bibliográfico Mexicano. Publicaciones ; _v9 |
|
| 500 | _aIncluye notas al pie de las páginas | ||
| 505 | 0 | _aNota preliminar, por M. Alcala.- El Lic. don Carlos María de Bustamente y don José María Morelos y Pavon, por A. Martínez Báez.-Reseña bibliográfica, por J.I. Mantecon (p. 31-32) - Elogio histórico del general don José María Morelos y Pavon.- El Centzontli, num. 1: Análisis de los cargos hechos por la Inquisición de México al señor general D. José María Morelos.- Historia militar del general don José María Morelos. | |
| 600 | 1 | 4 |
_aMORELOS, JOSÉ MARÍA, _d1765-1815 _gSACERDOTE _zMÉXICO _93702 |
| 650 | 4 |
_aIndependencia _zMéxico _93703 |
|
| 700 | 1 |
_aMartínez Báez, Antonio. _93704 |
|
| 830 | 0 |
_aBiblioteca Nacional de México. Instituto Bibliográfico Mexicano. Publicaciones ; _v9 _93705 |
|
| 910 | _aEn proceso | ||
| 999 |
_c1044 _d1044 |
||